| 000 | 00431nam a22001337a 4500 | ||
|---|---|---|---|
| 020 | _a81-7319-670-2 | ||
| 082 | _a620.11 MOD | ||
| 100 |
_aAVUDAINAYAGAM, A , MISRA , P , SUNDAR, S _963516 |
||
| 245 | _aMODELING AND SIMULATION , LIFE SCIENCES, MATERIALS AND TECHNOLOGY | ||
| 260 |
_aNEW DELHI _bNAROSA _c2005 |
||
| 300 | _a335 P | ||
| 650 |
_aMODELING AND SIMULATION OF LIFE SCIENCES, MATERIALS AND TECHNOLOGY _963517 |
||
| 942 | _cBK | ||
| 999 |
_c572314 _d572314 |
||